logo

Bir Sreshtho Munshi Abdur Rouf Library
Jhenaidah Cadet College

Advanced Calculus : (Record no. 8519)

MARC details
000 -LEADER
fixed length control field 00934nam a2200301I 4500
001 - CONTROL NUMBER
JCCL Control Number 8519
003 - CONTROL NUMBER IDENTIFIER
JCCL marc code BD - JhCC
005 - DATE AND TIME OF LATEST TRANSACTION
control field 20200405134007.0
008 - FIXED-LENGTH DATA ELEMENTS--GENERAL INFORMATION
fixed length control field 180918s2011 0 eng c
035 ## - SYSTEM CONTROL NUMBER
system control number MITb10010199
-- (BD - JhCC)8519
035 ## - SYSTEM CONTROL NUMBER
system control number (OCoLC)01101020
035 ## - SYSTEM CONTROL NUMBER
system control number GLIS00010199
040 ## - CATALOGING SOURCE
Original cataloging agency U of Texas at Dallas
Modifying agency BD-JhCC
041 ## - LANGUAGE CODE
Language code of Book eng
082 ## - DEWEY DECIMAL CLASSIFICATION NUMBER
Author mark and Year RAH 2011
Classification number 515
090 ## - LOCALLY ASSIGNED LC-TYPE CALL NUMBER (OCLC); LOCAL CALL NUMBER (OCLC)
Classification number (OCLC) (R) ; Classification number, CALL (RLIN) (NR) QA303
Local cutter number (OCLC) ; Book number/undivided call number, CALL (RLIN) .N734 1966
099 ## - LOCAL FREE-TEXT CALL NUMBER
Classification number QA303.N734 1966
245 10 - TITLE STATEMENT
Title Advanced Calculus :
Remainder of title differential and integral /
Statement of responsibility, etc Md. Fazlur Rahman, ...[et. all]
250 ## - EDITION STATEMENT
Edition statement 2d ed.
260 ## - PUBLICATION, DISTRIBUTION, ETC. (IMPRINT)
Place of publication, distribution, etc Princeton, N.J.
Name of publisher, distributor, etc Van Nostrand
Date of publication, distribution, etc 2011
300 ## - PHYSICAL DESCRIPTION
Pagination viii, 202 p.
Other physical details illus.
Dimensions 24 cm.
490 1# - SERIES STATEMENT
Series statement University series in undergraduate mathematics
650 #0 - SUBJECT ADDED ENTRY--TOPICAL TERM
Topical term or geographic name as entry element Calculus.
700 ## - ADDED ENTRY--PERSONAL NAME
Personal name Rahman, Md. Fazlur
830 #0 - SERIES ADDED ENTRY--UNIFORM TITLE
Uniform title University series in undergraduate mathematics.
942 ## - ADDED ENTRY ELEMENTS (KOHA)
Source of classification or shelving scheme Dewey Decimal Classification
Koha item type Books
Koha issues (borrowed), all copies 2
Holdings
Source of classification or shelving scheme Damaged status Not for loan Home library Current library Shelving location Date of accession Total Checkouts Full call number Barcode Date last seen Date checked out Copy number Koha item type
Dewey Decimal Classification     JCC Rouf Library JCC Rouf Library General Stacks 09/24/2023 1 515 RAH 2011 11132 09/24/2023 04/04/2020 C - 1 Books

JCC Library | Contacts | JCC Home

Last Update on 23 September 2017
Copyright @ 2017-2020 JCC Rouf Library
Rouf Library, Jhenidah Cadet College (JCC), Bangladesh